| 000 | 00533nam a22001697a 4500 | ||
|---|---|---|---|
| 003 | NUST | ||
| 038 | _aNusrat Nadeem | ||
| 082 | _a658.3 | ||
| 100 |
_aHaq, Izhar ul _9120417 |
||
| 245 |
_aOnline Grocery Store (Samaan) Business Plan For Elixir Technologies/ _cIzhar ul Haq, |
||
| 264 |
_aIslamabad, _bNBS NUST, _c2023. |
||
| 300 |
_aill: _b52,p: _c30,cm. |
||
| 650 |
_aExecutive MBA _9120079 |
||
| 700 |
_aSupervisor: Dr. Muhammad Shariq _9120126 |
||
| 856 | _uhttp://10.250.8.41:8080/xmlui/handle/123456789/40891 | ||
| 942 |
_2ddc _cSC |
||
| 999 |
_c607724 _d607724 |
||